|
|
|
|
| LEADER |
00000nam0a2200000 4500 |
| 001 |
366666 |
| 005 |
20231102011914.0 |
| 035 |
|
|
|a (RuTPU)RU\TPU\retro\24029
|
| 090 |
|
|
|a 366666
|
| 100 |
|
|
|a 20220215d1979 m y0rusy50 ca
|
| 101 |
0 |
|
|a rus
|
| 102 |
|
|
|a UA
|
| 105 |
|
|
|a a j 001zy
|
| 200 |
1 |
|
|a Технология переработки полимерных материалов
|e учебное пособие
|f В. В. Гончаренко
|g Киевский политехнический институт
|
| 210 |
|
|
|a Киев
|c Изд-во КПИ
|d 1979
|
| 215 |
|
|
|a 80 с.
|c ил.
|
| 320 |
|
|
|a Библиогр.: с. 78
|
| 606 |
1 |
|
|a Полимеры
|x Переработка
|2 stltpush
|3 (RuTPU)RU\TPU\subj\72574
|9 86025
|
| 610 |
1 |
|
|a вязкоупругие модели
|
| 610 |
1 |
|
|a полимерные расплавы
|
| 610 |
1 |
|
|a вязкоупругие характеристики
|
| 610 |
1 |
|
|a экстудат
|
| 610 |
1 |
|
|a разбухание
|
| 610 |
1 |
|
|a продольная вязкость
|
| 610 |
1 |
|
|a экструзия
|
| 610 |
1 |
|
|a предельная скорость
|
| 610 |
1 |
|
|a пленочный рукав
|
| 610 |
1 |
|
|a формование
|
| 610 |
1 |
|
|a термическая усадка
|
| 610 |
1 |
|
|a учебные пособия
|
| 675 |
|
|
|a 678.02(075.8)
|v 4
|
| 700 |
|
1 |
|a Гончаренко
|b В. В.
|g Василий Власович
|
| 712 |
0 |
2 |
|a Киевский политехнический институт
|2 stltpush
|3 (RuTPU)RU\TPU\col\310
|9 23339
|
| 801 |
|
1 |
|a RU
|b 63413507
|c 20220215
|
| 942 |
|
|
|c BK
|